000 01539nam a2200409 i 4500
001 DIGDYK3870
003 NyNyDIG
007 cr |||||||||||
008 250311s2024 sp a ob 000 0 spa d
006 m o d
035 _a(OCoLC)1492338270
040 _aDGITA
_beng
_erda
_epn
_cDGITA
020 _a9788410707634
_qelectrónico
020 _z9788410706996
024 7 _a10.14679/3423
_2doi
050 1 4 _aU163 ebook
245 0 0 _aDesinformación y defensa :
_bconflictos híbridos, entorno cognitivo y operaciones de influencia /
_cJuan Miguel Aguado [and 3 others] (coordinadores).
264 1 _aMadrid :
_bDykinson, S.L.,
_c[2024]
300 _a1 online resource :
_billustrations.
336 _atext
_btxt
_2rdacontent
337 _acomputer
_bc
_2rdamedia
338 _aonline resource
_bcr
_2rdacarrier
347 _atext file
_2rdaft
347 _bPDF
504 _aIncludes bibliographical references.
588 0 _aOnline resource; title from PDF title page (Digitalia, viewed March 11, 2025)
650 0 _aInformation warfare.
650 0 _aDisinformation.
650 0 _aNational security.
700 1 _aAguado Terrón, Juan Miguel,
_eeditor.
791 2 _aDigitalia (Firm),
_edistributor.
793 0 _gDigitalia eBook Collection:
_aDykinson Editorial
776 0 8 _iPrint version:
_tDesinformación y defensa.
_dMadrid : Dykinson, S.L., [2024]
_z9788410706996
856 4 0 _3Digitalia Hispánica
_uhttps://www.digitaliapublishing.com/a/170734/
910 _aPremium collection: 2025
942 _cRAA
999 _c290599
_d290599